Music Quiz

Random Music or Kpop Quiz

Match kpop group with their title track in one minute Quiz Stats

 Plays Quiz not verified by Sporcle

Support Sporcle.
Go Orange.
Score 0/20 Timer 01:00
0 Plays Today
% Correct
Icy
90.1%
Whistle
89.6%
Energetic
88.3%
Rookie
88%
Back Door
87.5%
Heart Shaker
87.2%
Run
86.2%
Violeta
85.9%
Hi High
83.8%
Fantasia
83.3%
% Correct
Piano Man
81.5%
A Song Written Easily
79.1%
Knock
66.6%
Critical Beauty
64.5%
Cool
64.5%
Sentimental
64%
Cupid
55.9%
Dreams Come True
51.2%
Wow
35.2%
On the Road
34.5%

You're not logged in!

Compare scores with friends on all Sporcle quizzes.
OR
Log In

From the Vault

Absent Letter Beatles Songs

by RobFitz

It's okay to get by this quiz with a little help from your friends.
Remove Ads.
Support Sporcle.
Get the best of Sporcle when you Go Orange. This ad-free experience offers more features, more stats, and more fun while also helping to support Sporcle. Thank you for becoming a member.

Show Comments

Extras

Top Quizzes Today


Score Distribution

Your Account Isn't Verified!

In order to create a playlist on Sporcle, you need to verify the email address you used during registration. Go to your Sporcle Settings to finish the process.

Report this User

Report this user for behavior that violates our Community Guidelines.

Details: